000 00618nam a22002297a 4500
003 BUBTL
008 160228b xxu||||| |||| 00| 0 eng d
020 _a9788120329638
082 _21 st
_a332.6/ K518s/ 2006
100 _9424
_a kevin, S.
245 _aSecurity Analysis and Portfolio Management:
_b S. Kevin
250 _a1 st
260 _aDelhi
_bPHI Learning
_cc2006
300 _axiv,282p. :
_bills. chart, graph. ;
_c23 cm.
500 _aIncludes index.
650 0 _939
_aManagement
700 _9425
_as. Kevin
856 _k0
_l0
_yDownload
942 _2ddc
_cBK
999 _c5168
_d5168